[Event "GER-ch U10 Girls"]
[Site "Willingen"]
[Date "2016.05.16"]
[Round "4"]
[White "Scherf, Alexa"]
[Black "Adelmeyer, Nelly"]
[Result "0-1"]
[WhiteElo "922"]
[BlackElo "1086"]
[PlyCount "68"]
[EventDate "2016.05.15"]
[EventType "swiss"]
[EventRounds "11"]
[EventCountry "GER"]
[SourceTitle "CBM 172 Extra"]
[Source "ChessBase"]
[SourceDate "2016.06.21"]
[SourceVersion "1"]
[SourceVersionDate "2016.06.21"]
[SourceQuality "1"]

1. e4 e5 2. Nf3 Nc6 3. Bc4 Be7 4. d4 exd4 5. Nxd4 Nf6 6. Nc3 0-0 7. 0-0 d6 8. h3 Bd7 9. Bg5 h6 10. Bh4 Nxe4 11. Bxe7 Qxe7 12. Nxe4 Qxe4 13. c3 Qg6 14. Nb5 Bxh3 15. Bd5 Rac8 16. Re1 a6 17. Nd4 Nxd4 18. Bxb7 Nf5 19. Qf3 Bg4 20. Qc6 Nh4 21. Kh1 Bf3 22. Qxf3 Nxf3 23. Bxf3 Rcd8 24. Bb7 a5 25. Re7 d5 26. Rxc7 d4 27. cxd4 Rxd4 28. Rc5 Rb8 29. Bf3 Rxb2 30. Rxa5 Rxf2 31. Ra8+ Kh7 32. Rb1 Rxf3 33. Rbb8 Qh5+ 34. Kg1 Rd1# 0-1